Natural language processing
Αποθηκεύτηκε σε:
| Άλλοι συγγραφείς: | , |
|---|---|
| Μορφή: | Βιβλίο |
| Γλώσσα: | English |
| Δημοσίευση: |
Cambridge, Mass. :
MIT Press,
1994
|
| Σειρά: | Special issues of Artificial intelligence, an international journal
|
| Θέματα: | |
| Ετικέτες: |
Προσθήκη ετικέτας
Δεν υπάρχουν, Καταχωρήστε ετικέτα πρώτοι!
|
MARC
| LEADER | 00000nam a2200000 i 4500 | ||
|---|---|---|---|
| 001 | 1/74708 | ||
| 008 | 990524s1994 eng d | ||
| 020 | |a 0-262-66092-X | ||
| 035 | |l 10049146 | ||
| 040 | |a GR-MY-UA |b gre |e aacr | ||
| 041 | 0 | |a eng | |
| 082 | 0 | |a 006.35 | |
| 245 | 1 | 0 | |a Natural language processing / |c edited by Fernando C.N. Pereira and Barbara J. Grosz |
| 260 | |a Cambridge, Mass. : |b MIT Press, |c 1994 | ||
| 300 | |a vi, 531 p.; |c 26 cm. | ||
| 490 | 1 | |a Special issues of Artificial intelligence, an international journal | |
| 500 | |a "Reprinted from Artificial intelligence, an international journal, volume 63, numbers 1-2, 1983". | ||
| 500 | |a Includes bibliographical references and index | ||
| 650 | 0 | 0 | |a Natural language processing (Computer science) |
| 700 | 1 | |a Pereira, Fernando C.N. |4 edt | |
| 700 | 1 | |a Grosz, Barbara J. |4 edt | |
| 830 | 0 | |a Special issues of Artificial intelligence, an international journal | |
| 852 | |a INST |b SAMOS |e 19990524 |h 006.35 NAT |p 005300014397 |q 005300014397 |t BK |y 0 | ||
| 901 | |a BIBL3-1999-2 | ||
| 909 | |a Σ |b 063777 | ||
| 922 | |a 3ΕΛΗ |b 199901 |c ΚΠΣ |d GLORY | ||
| 950 | |a 116-1998-08-10 | ||